000 00222nam a22000857a 4500
008 161028b xxu||||| |||| 00| 0 eng d
100 _9983
_aKidz.OM
245 _aGrandma Stories
260 _aNew Delhi
_bOM. Kidz Publications
_c2012
999 _c3642
_d3642